Introduction to population a sociological approach

Bibliographic Details
Main Author: Matras, Judah
Format: Book
Published: New Jersey : Prentice-Hall , c1977
Subjects:

MARC

LEADER 00000cam a2200000 7i4500
001 0000000546
005 20050427.0
020 |a 013493122x 
040 |a INS 
090 0 0 |a HB871.   |b M28 1977 
100 1 |a Matras, Judah 
245 1 0 |a Introduction to population a sociological approach   |c Matras Judah 
260 |a New Jersey :   |b Prentice-Hall ,   |c c1977 
300 |a x, 452p. :   |b ill ;   |c 23cm. 
500 |a Includes bibiliography and index 
650 0 0 |a Population 
999 |a 0000003348   |b BOOK   |c Open Shelf   |e Default branch